MDQL
is popping MORE tags! Check the
thread
!
Quizzes
Events
Quiz Creation
Community
Videos
Private Events
Remove Ads
Sign In
Join for FREE
Feedback
Dark Mode
Quiz Categories
Sports
Geography
Music
Movies
Television
Just For Fun
Miscellaneous
History
Literature
Language
Science
Gaming
Entertainment
Religion
Holiday
For Kids
Quiz Lab
Recent
Popular Today
Quiz Kudos Today
Editor Picks
Curator Picks
Quizzes by...
Day
Popularity
Type
Ratings
Length
Year
Community
Subscriptions
Recent Discussions
Orange Saloon
Badges
Playlists
Quests
Create
Leaderboards
Showdown
Live 5
Trivia Bingo
Activity
Puzzle Library
Sporcle Events
Private Events
Virtual Trivia
Globe League
Become a Host
Pub Owners
SporcleCon
Opinionation
Our Games
Videos
Blog
Mobile Apps
Partnerships
Remove Ads and Go Orange
Feedback
History
US Presidents
World Leaders
Politics
Nation
Discovery
War
Decade
Year
Century
Biography
Art
History
US Presidents
World Leaders
Politics
Nation
Discovery
War
Decade
Year
Century
Biography
Art
Random Quiz
Search Sporcle
×
Quiz Lab
Quiz Lab
History
date
Type in answers that appear in a list
Type in answers that appear in a list
Classic
Best Score? Go Orange.
History of Photography II Stats
Can you name the title, photographer, and date??
By
allygolightly
5m
30 Questions
6 Plays
6 Plays
6 Plays
Comments
Comments
Give Quiz Kudos
Give Quiz Kudos
-
- Ratings
hide this ad
Replay
Link that replays current quiz
Next Quiz
Link to next quiz in quiz playlist
You Got
0%
They Got
Avg Score
85%
Avg Friend Score
Upgrade to see
Score Distribution
Jump to the score distribution portion of the page
Score
0/30
Timer
05:00
0
Plays Today
Photograph
Photographer, Year
% Correct
In the Barley Harvest
Emerson, 1888
100%
The Flatiron
Steichen, 1905
100%
The Picture Book
Kasebier, 1903
100%
Untitled (Crucifix with Roman Soldiers)
Day, 1898
100%
The Onion Field
Davidson, 1890
100%
View of the Harbor
Sutcliffe, 1880s
100%
Sun's Rays -
Paula, Berlin
Stieglitz, 1889
100%
Trolley, New Orleans
Frank, 1955
100%
Political Rally, Chicago
Frank, 1955
100%
Untitled
Winogrand, 1964
100%
'Tiny' in Her Halloween Costume
Mark, 1983
100%
Equivalent
Stieglitz, 1929
83.3%
Dust Storm
Rothstein, 1937
83.3%
Migrant Mother
Lang, 1936
83.3%
Window Display
Evans, 1935
83.3%
Photograph
Photographer, Year
% Correct
The Cut of the Kitchen Knife
Hoch, 1919
83.3%
Adolf the Superman: He Eats Gold and Spews Idiocies
Heartfield, 1932
83.3%
Frau G. Kesting
Kesting, 1930
83.3%
Carrefour Blois
Kertesz, 1930
83.3%
Monolith, The Face of the Half Dome
Adams, 1927
83.3%
Triangles
Cunningham, 1928
83.3%
Pepper
Weston, 1930
83.3%
Normandy Invasion
Capa, 1944
83.3%
Place de l'Europe
Cartier-Bresson, 1932
83.3%
Cincinnati, Ohio
Friedlander, 1963
83.3%
The Drought in Mali
Salgado, 1985
83.3%
Rebecca, Harlem
Engel, 1947
50%
Marines under Fire
Smith, 1943
50%
Tomoko in Her Bath
Smith, 1972
50%
The Critic (Opening Night at the Opera)
Weegee (Fellig), 1943
50%
Quiz Playlist
Details
Report
Send in Message
Add To Playlist
Classic:
Type in answers that appear in a list
Last Updated: Feb 16, 2017
Quiz Scoreboard
CHALLENGE
Sign Up to Join the Scoreboard
Show All
Scores
Hide
Comments
May contain spoilers
Recently Published
Holiday 10x10 Sorting Gallery
by lukepisani3
Holiday
15m
Two Season TV Shows II
by 123Four
Television
10m
Image Sorting: Flags VI
by Barbecue
Geography
2m
More to Explore
Quiz From the Vault
Featured Blog Post
14 Easter Pick-up Lines to Find Eggs With
hide this ad
You Might Also Like...
Tags
date
Photographer
Photography
Today's Top Quizzes in History
Browse History
hide this ad
Today's Top Quizzes in date
Browse date
Top Contributed Quizzes in History
1
I Am Born On March 29th
2
Order Up: 1000 Years of World Events I
3
US National Parks Named After People
4
Popular People in 1991
5
Popular People in 1951
6
Popular People in 1941
7
Popular People in 1981
8
Popular People in 1986
9
Popular People in 1976
10
Popular People in 1921
Explore More
Trending Topics
Crossword
Kpop
Anime
Harry Potter
Disney
NBA
Marvel
NFL
Soccer
The Office
Puzzle
Country
Song
Pokémon
WWE
hide this ad
More By:
allygolightly
Quiz
Plays
Rating
Category
Featured
Created
History of Photography
11
History
Oct 17, 2011
History of Photography II
6
History
Dec 11, 2011
Go to Creator's Profile
Score Distribution
Quiz Creator Spotlight
allygolightly
Follow
Send a Message
Quizzes Created
-
Created Quiz Play Count
-
More By This Creator
Popular Quizzes Today
1
Find the US States - No Outlines Minefield
2
Colored Red Africa Blitz
3
Find the 'City' Movie
4
The Countries of the World
5
5x2 Blitz: Bands
6
Find the Countries of Europe - No Outlines Minefield
7
Find the US States
8
US States
More History Quizzes
On This Day: March 16th II
Published
Trending Quizzes
Colored Red Europe Blitz I
Colored Red Africa Blitz II
Colored Red Europe Blitz II
Even More Two Season TV Shows
Colored Red Africa Blitz III
Recently Updated
Odd Team Out - Big 4 Players
pecheneg
Quick Pick: 20 Twenties
pecheneg
March Madness Men's Triple Doubles
pecheneg
How Do You Spell That?
pecheneg
Godzilla Movies
pecheneg
Grab Bag: 4-10 Letters
pecheneg
2024 March Madness Bracket
pecheneg
Famous TV Couples
Peacemaker
Champions League XIs: Real Madrid
pecheneg
Largest US Cities 1790-2010
pecheneg
Trending Topics
Anime
Disney
Marvel
Harry Potter
Crossword
NBA
Kpop
Pokémon
Soccer
Country
Puzzle
The Office
Song
WWE
NFL
Your Account Isn't Verified!
In order to create a playlist on Sporcle, you need to verify the email address you used during registration. Go to your
Sporcle Settings
to finish the process.
Report this User
Report this user for behavior that violates our
Community Guidelines
.
Details:
Send Report
Go to the Sporcle.com Mobile Site →
Comments